Представление документа в формате RUSMARC

ПолеНазваниеЗначение
  Тип записи a
  Библиографический уровень m
001 Контрольный номер b10a4c056e1246b8839ad735c91625d7
005 Дата корректировки 20191127090513.3
010 Индекс ISBN __
a ISBN 978-5-9916-2026-6
d Цена 329,03
101 Язык документа 0_
a Язык текста rus
102 Страна публикации __
a Страна публикации RU
200 Заглавие и сведения об ответственности 1_
a Заглавие Внешнеэкономическая деятельность
b Общее обозначение материала Текст
e Сведения, относящиеся к заглавию учебник для бакалавров
f Первые сведения об ответственности Прокушев Е. Ф.
205 Сведения об издании __
a Основные сведения об издании 8-е изд., перераб. и доп.
210 Выходные данные 1_
a Место издания М.
c Издательство Изд-во Юрайт
d Дата издания 2012
215 Физическое описание __
a Объем 527 с.
225 Серия 2_
a Серия Бакалавр. Базовый курс
610 Ключевые слова 0_
a Ключевые слова внешнеэкономическая деятельность
a Ключевые слова поставка товаров и перевозка
a Ключевые слова маркетинг в ВЭД
a Ключевые слова внешнеторговые сделки
686 Индексы других классификаций __
a Классификационный индекс 65.298
700 Автор _1
a Фамилия Прокушев Е. Ф.
801 Источник записи _0
a Страна RU
b Организация РУК
g Правила каталогизации PSBO
801 Источник записи _1
a Страна RU
b Организация РУК
g Правила каталогизации PSBO
852 Данные о местонахождении __
i Авторский знак П 78
j Шифр хранения 65.298
901 Тип документа __
t Тип документа m
937 Технологическая информация __
a Создатель записи (имя) Носкова
938 Служебная информация __
a Название организации Саранский филиал
952 Тип литературы __
b Гриф литературы для ВШ гриф МО
c Вид литературы учебник